000 00359nam a2200145Ia 4500
008 230312s9999||||xx |||||||||||||| ||und||
020 _a1-4051-8830-2
082 _a791.4372
_bEVA-T
100 _aEvans;Peter William
245 0 _aTop Hat
260 _bWiley-Blackwell
_aIndia
_c2010
300 _a128
650 _aMass com
_vMass Communication
942 _cBK
999 _c11437
_d11437